Sexual strangers : gays, lesbians, and dilemmas of citizenship /

Đã lưu trong:
Chi tiết về thư mục
Tác giả chính: Phelan, Shane
Định dạng: Sách
Ngôn ngữ:Tiếng Anh
Được phát hành: Philadelphia : Temple University, 2001
Loạt:Queer politics, queer theories
Các nhãn: Thêm thẻ
Không có thẻ, Là người đầu tiên thẻ bản ghi này!

MARC

LEADER 00000nam a22000007i 4500
001 IT\ICCU\UBO\3862945
003 ItRI
005 20260115231835.0
008 110603s2001 xxu|||||| ||||| |||||c
020 |a 1566398274 (cloth) 
020 |a 9781566398282 (pbk) 
040 |b ita  |c importazione bologna sebina 
041 7 |a eng  |2 ISO-639-2 
100 1 |a Phelan, Shane  |0 IT\ICCU\UBOV\106453 
245 1 0 |a Sexual strangers :  |b gays, lesbians, and dilemmas of citizenship /  |c Shane Phelan. 
260 |a Philadelphia :  |b Temple University,  |c 2001 
300 |a x, 179 p. ;  |c 23 cm. 
830 0 |a Queer politics, queer theories  |0 IT\ICCU\UBO\2569052 
942 |2 ddc  |c BK  |n 0 
952 |0 0  |1 0  |4 0  |6 DOC_305_906000000000000_PHE  |7 0  |9 13965  |a BO  |b BO  |d 2026-01-15  |i 15207  |l 0  |o DOC 305.906 PHE  |p BO15207  |r 2026-01-15 23:18:35  |w 2026-01-15  |x [Sebina 5] [1 v.]  |y BK  |z 1 v. 
999 |c 12025  |d 12025